Statistics for Taylor Swift 14

Click here to take the quiz!

General Stats

  • This quiz has been taken 14 times
    (6 since last reset)
  • The average score is 200 of 280

Answer Stats

Answer% Correct
and
100%
can
100%
have
100%
I
100%
is
100%
it
100%
it's
100%
know
100%
like
100%
me
100%
my
100%
no
100%
not
100%
you
100%
your
100%
baby
83%
be
83%
'cause
83%
did
83%
do
83%
don't
83%
every
83%
if
83%
I'm
83%
in
83%
now
83%
so
83%
that
83%
the
83%
to
83%
up
83%
would
83%
you're
83%
all
67%
been
67%
before
67%
but
67%
come
67%
could've
67%
didn't
67%
down
67%
for
67%
gone
67%
got
67%
had
67%
I've
67%
last
67%
never
67%
of
67%
out
67%
this
67%
time
67%
wanna
67%
was
67%
we'll
67%
away
50%
fine
50%
hadn't
50%
left
50%
let
50%
sorry
50%
tell
50%
there's
50%
thinking
50%
used
50%
would've
50%
anymore
33%
around
33%
asking
33%
believe
33%
call
33%
each
33%
hurt
33%
listen
33%
long
33%
loved
33%
nothing
33%
phone
33%
pick
33%
straw
33%
won't
33%
worked
33%
again
17%
beg
17%
being
17%
bright
17%
chances
17%
cold
17%
crawling
17%
fade
17%
figured
17%
giving
17%
honey
17%
hoping
17%
innocent
17%
life
17%
looking
17%
might
17%
secrets
17%
share
17%
shine
17%
taking
17%
tired
17%
waiting
17%
wasting
17%
watched
17%

Score Distribution

Percentile by Number Answered

Percent of People with Each Score

Your Score History

You have not taken this quiz since the last reset